Impossible chemical compounds - sudden death - Statistics

General Stats
  • This quiz has been taken 133 times
  • The average score is 6 of 30
Answers on the Grid
Answers color-coded by a green-red scale on the quiz's grid according to % correct below.
Fool's gold
Water kryptide
Xenon plutoniate
Salt
Vinegar
Polythene
Turnip hydroxide
Glucose
Uranium goldate
Teflon
Iron germanide
Titanic acid
Iridium calcate
Kryptonite
LSD
Mercuric iodide
Einsteinium einsteinate
Mutton sulphate
Seaborgium peroxytennesside
Silver iodide
Donovan's solution
Marble
Zinc polonide
Palladium beryllate
Cake
Vitamin B1
Nickel yttride
Magic acid
Californium osmide
Tungsten carbide
Negative methane
Cerium zincate
Mud
Gallane
Adrenaline
Indium antimonide
Helium hexafluoride
Haggis nitrate
Substance D
Radon magnesate
Yttrium-barium cuprate
Boron platinate
Lithium bismuthide
Lead aluminide
Traumatic acid
Tricaesium pentanitronickelate
Cadmium octane
Molybdenum lanthanide
Nanokid
Neodymium silicate
Americium trihydride
Tin cyanide
Fool's radium permanganate
Potassium tetraiodomercurate
 
Answer Stats
Answer % Correct
NaCl Salt
79%
C₆H₁₂O₆ Glucose
69%
CH₃COOH Vinegar
67%
Iron pyrite. FeS₂ Fool's gold
60%
(C₂F₄)n Teflon
45%
C₂₀H₂₅N₃O LSD
44%
(C₂H₄)n Polythene
41%
Used in photography, in cloud seeding, and as an antiseptic. AgI Silver iodide
28%
CaCO Marble
25%
Thiamin. C₁₂H₁₇N₄OS+ Vitamin B1
21%
C₉H₁₃NO₃ Adrenaline
16%
Used as a blister ointment, and in X-ray & gamma ray detection. HgI₂ Mercuric iodide
15%
TiH₄O₄ Titanic acid
15%
C₄N₄Sn Tin cyanide
13%
Studied for its unusual magnetic properties. FeGe Iron germanide
11%
Used for detection of ammonia. K₂[HgI₄] Potassium tetraiodomercurate
11%
WC Tungsten carbide
9%
AmH₃ Americium trihydride
8%
Nd₂O₉Si₃ Neodymium silicate
8%
The world's strongest acid. HSbF₆SO₃ Magic acid
7%
Used in the past as an attempt to treat leprosy. AsHgI₄ Donovan's solution
5%
Important discovery for engineering and science as it was the first material to exhibit superconductivity at temperatures above the boiling point of liquid nitrogen. YBa₂Cu₃O₇
Yttrium-barium cuprate
4%
ZnPo Zinc polonide
4%
Used in infrared detectors. InSb Indium antimonide
3%
GaH₃ Gallane
1%
Li₃Bi Lithium bismuthide
1%
Found on Titan, in space, and in our atmosphere. CH₄- Negative methane
1%
Cs₃[Ni(NO₂)₅] Tricaesium pentanitronickelate
1%
C₃₉H₄₂O₂ Nanokid
0%
C₁₂H₂₀O₄ Traumatic acid
0%
No matching quizzes found
Score Distribution
Percent of People with Each Score
Percentile by Number Answered
Your Score History
You have not taken this quiz